| 000 | 00643nam a22001697a 4500 | ||
|---|---|---|---|
| 999 |
_c30850 _d30850 |
||
| 008 | 210125b ||||| |||| 00| 0 eng d | ||
| 020 | _a0071446532 | ||
| 050 | _aGT 3405.W64 2005 | ||
| 100 | _aWolf,Paulette. | ||
| 245 |
_aEvent planning made easy: _ba private steps to making your business or private event a huge success-from the industry's top event planners/ |
||
| 260 |
_aNewYork: _bMcGraw-Hill, _c2005. |
||
| 300 |
_axii,2219[8]p.: _bill.; _c24cm |
||
| 504 | _aIncludes bibliographical details and index | ||
| 650 | _aspecial events-planning. | ||
| 650 | _ameetings-planning. | ||
| 942 |
_2lcc _cBOOKS _hGT 3405.W64 2005 |
||